Dynamic response and failure of composite materials and structures (Record no. 25604)

MARC details
000 -LEADER
fixed length control field 00506nam a2200169Ia 4500
008 - FIXED-LENGTH DATA ELEMENTS--GENERAL INFORMATION
fixed length control field 230917s9999||||xx |||||||||||||| ||und||
020 ## - ISBN
Price USD240
040 ## - CATALOGING SOURCE
-- 245186
Original cataloging agency VIVEKANANDA LIBRARY
041 ## - Language
-- English
082 ## - DDC NUMBER
Classification number 620.118292 L881D
100 ## - MAIN ENTRY--PERSONAL NAME
Personal name Lopresto, Valentina, ed.
245 #0 - TITLE STATEMENT
Title Dynamic response and failure of composite materials and structures
260 ## - PUBLICATION, DISTRIBUTION, ETC. (IMPRINT)
Place of publication, distribution, etc Cambridge
Name of publisher, distributor, etc Woodhead Publishing
Date of publication, distribution, etc 2017
300 ## - PHYSICAL DESCRIPTION
Pages x, 425 p.
500 ## - GENERAL NOTE
General note 3018 24/01/2018 RBP18/68859 05/02/2018 Main Budget
942 ## - ADDED ENTRY ELEMENTS (KOHA)
Koha item type Books
Holdings
Withdrawn status Lost status Damaged status Not for loan Location (home branch) Sublocation or collection (holding branch) Date acquired Koha issues (times borrowed) Koha full call number Accession No. Koha date last seen Koha item type
        VIVEKANANDA LIBRARY VIVEKANANDA LIBRARY 30/04/2018   620.118292 L881D 371300 17/09/2023 Books
© Designed and Maintained by Vivekananda Library, MDU Rohtak